Diccionarios
Saved in:
| Main Author: | |
|---|---|
| Format: | Book |
| Language: | Spanish |
| Published: |
Barcelona
Boixareu Universitaria
1993
|
| Subjects: | |
| Tags: |
Add Tag
No Tags, Be the first to tag this record!
|
MARC
| LEADER | 00000nam a2200000 a 4500 | ||
|---|---|---|---|
| 001 | UCZ7215 | ||
| 003 | CL-VaPUC | ||
| 008 | 951228e19930000SP |||||||||||||||||spa|d | ||
| 082 | 0 | 4 | |a 301.03 |b AGU |2 21 |
| 100 | 0 | |a Aguirre Baztán, Angel |e author |9 351980 | |
| 245 | 1 | 0 | |a Diccionarios |
| 246 | 1 | 0 | |a Diccionario temático de antropología |
| 300 | |a 663 p | ||
| 942 | |c BK | ||
| 945 | |d 19951228 00:00:00 |a rleighto | ||
| 260 | |a Barcelona |b Boixareu Universitaria |c 1993 | ||
| 650 | 0 | |a Diccionarios |9 256200 | |
| 650 | 0 | |a Antropología |9 233030 | |
| 650 | 0 | |a Agricultura |9 255598 | |
| 650 | 7 | |a BIOLOGIA HUMANA |2 CL-VaPUC |9 269547 | |
| 650 | 0 | |a Antropología cultural y social |9 265143 | |
| 650 | 0 | |a Civilización |9 255823 | |
| 650 | 0 | |a Comunicación |9 257251 | |
| 650 | 0 | |a Cultura |9 269059 | |
| 650 | 7 | |a DERECHO |2 CL-VaPUC |9 351981 | |
| 650 | 0 | |a Medicina |9 258507 | |
| 650 | 0 | |a Economía |9 255568 | |
| 650 | 0 | |a Educación |9 258661 | |
| 583 | |a last modification |c 19951228 00:00:00 |k Rodrigo Vera | ||
| 999 | |c 243321 |d 243319 | ||
| 952 | |0 0 |1 0 |4 0 |6 301_030000000000000_AGU_1993 |7 0 |8 X |9 256897 |a BIBEDU |b BIBEDU |d 2019-11-19 |i 316425K |o 301.03 AGU 1993 |p 316425K |r 2023-01-13 |w 2019-11-19 |y BK_X |k EDU | ||